00808nam a2200217 i 4500001000300000245013400003260007200137300002800209504002800237546005500265650002400320700002600344015001800370020001800388040000800406041001800414044000800432080001100440008004100451856009800492bg00aZastosowanie metod ilościowych w badaniach ekonomiczno-społecznych /cred. nauk. Marcin Zawada ; Politechnika Częstochowska. aCzęstochowa :bWydawnictwo Politechniki Częstochowskiej,c2007. a221 s. :bil. ;c24 cm. aBibliogr. przy pracach. aTekst częśc. ang. Streszcz. ang. przy pracach. 9aEkonometriaxmetody1 aZawada, Marcin.eRed. aPB 17052/2008 a9788371933615 cBPK0 apolaengbeng aPOL a330.43080617s2007 pl a |000 0 pol  uhttp://koha.tu.koszalin.pl/cgi-bin/koha/opac-detail.pl?biblionumber=55550yKatalog online BPK